| 000 | 00798cam a2200253 i 4500 | ||
|---|---|---|---|
| 001 | BD-DhSAU 8011 | ||
| 003 | BD-DhSAU | ||
| 005 | 20150530153326.0 | ||
| 008 | 800318s1980 nyua sb 00110 eng d | ||
| 020 | _a0125520506 | ||
| 040 | _aBD-DhSAU | ||
| 082 |
_a636.213 _222 _bPEB |
||
| 100 | 1 | 0 | _aPerry, Tilden Wayne. |
| 245 | 1 | 0 |
_aBeef cattle feeding and nutrition / _cTilden Wayne Perry |
| 260 | 0 |
_aNew York : _bAcademic Press, _cc1980. |
|
| 300 |
_axiv, 383 p. : _bill. ; _c24 cm. |
||
| 490 | 0 | _aAnimal feeding and nutrition | |
| 504 | _aInclude bibliographical reference & index. | ||
| 590 | _aJerin | ||
| 650 | 0 |
_aBeef cattle _xFeeding and feeds. |
|
| 650 | 0 | _aAnimal Husbandry | |
| 773 | 0 | _tScienceDirect Agricultural and Biological Sciences eBook Legacy Collection | |
| 942 |
_2ddc _cBOOK |
||
| 999 |
_c8011 _d8011 |
||